| 000 | 00825nam a22002177a 4500 | ||
|---|---|---|---|
| 999 |
_c19960 _d19960 |
||
| 003 | AR-CdUCM | ||
| 008 | 190524b ||||| |||| 00| 0 spa d | ||
| 040 |
_aMUNICIPALIDAD PROVINCIAL DEL CUSCO _cBIBLIOTECA MUNICIPAL DEL CUSCO |
||
| 082 |
_22ed _a346.1982 / _bP15 |
||
| 100 |
_aPaez Juan, L. _941749 |
||
| 245 |
_aEl derecho de las asociaciones : _bdoctrina, legislación, jurisprudencia / |
||
| 260 |
_aBuenos Aires : _bGuillermo Kraft limitada, _c1940. |
||
| 300 |
_a681 páginas ; _c23 cm. |
||
| 505 | _aContenido: Generalidades -- Asociación y sociedad -- Naturaleza jurídica de las asociación... | ||
| 650 |
_aAsociación y asociaciones _941750 |
||
| 650 |
_aDerecho civil _97386 |
||
| 650 |
_aJurisprudencia _9927 |
||
| 700 |
_aBielsa, Rafael (prologo) _941751 |
||
| 942 |
_2ddc _cLIBROS |
||
| 945 |
_adavv _d2019-05-24 |
||